000
00252nam a2200097Ia 4500
001
691974
005
20250826161846.0
008
250824s9999 xx 000 0 und d
245
0
_a
GÖR BENİ İKİ DEVRİN HİKAYESİ
_c
AZRA KOHEN
260
_b
EVEREST YAYIN
999
_c
691974
_d
691974